One Piece - Équipage du Roux (de Shanks) - Statistiques

Statistiques générales
  • Ce quiz a été pris 252 fois
  • Le résultat moyen est 6 sur 11
Statistiques - réponses
Réponses % Correct
Shanks
100%
Lucky Roux
94%
Yasopp
93%
Ben Beckmann
90%
Rockstar
74%
Limejuice
31%
Building Snake
23%
Hongo
22%
Howling Gab
21%
Monstar
20%
Bonk Panchi
14%
Aucun quiz correspondant
Distribution des résultats
% des personnes avec chaque résultat
Percentile par nombre de réponses
Votre historique - résultats
Vous n’avez pas pris ce quiz